000 00744cam a22002171 4500
001 cd 34000041
003 DLC
005 20260227111146.0
008 761028s1924 xx 000 0 eng
010 _acd 34000041
035 _a(OCoLC)2535775
040 _aDLC
_cOTU
_dOCoLC
_dDLC
050 0 0 _aQ11
_b.N293 no. 55
100 1 _aCarty, John J.
_q(John Joseph),
_d1861-1932.
245 1 0 _aScience and business,
_cby John J. Carty.
260 _aWashington, D.C.
_c1924.
300 _acover-title, 8 p.
_c25 cm.
490 0 _aReprint and circular series of the National research council.
_vno. 55
500 _a"An address to the Chamber of commerce of the United States, Cleveland, Ohio, May 8, 1924." -p.1
650 0 _aResearch
_xIndustries.
999 _c18497
_d18497